000 00816cab a2200277 4500
001 ABS54099
008 090401t1995 xxu||||| |||| 00| 0 eng d
035 _a(Sirsi) u8518
041 _aeng
245 _aTaxation of short rotation coppice
260 _c1995
350 _a0
490 _aInland Revenue Tax Bulletin
_v(19) October 1995, 252-253(2)
520 _aDefines a `short rotation coppice` and how it is treated for the purposes of income tax, corporation tax and capital gains tax.
650 _aALTERNATIVE FUELS
650 _aCAPITAL GAINS TAX
650 _aCORPORATION TAX
650 _aFINANCE ACT 1995
650 _aINCOME TAX
650 _aSHORT ROTATION COPPICE
650 _aTAX LIABILITY
690 _aRURAL PRACTICE
690 _aTAXATION
942 _n0
948 _c04/03/1997
999 _c5259
_d5259